[Event "harpa"]
[Site "?"]
[Date "2013.02.20"]
[Round "3.16"]
[White "Bergsson, Stefan"]
[Black "Yilmaz, Mustafa"]
[Result "0-1"]
[BlackElo "2531"]
[Classes "0"]
[TimeControl "?"]
[WhiteElo "2180"]

1. e4 {[%clk 1:24:13]} 1... d6 {[%clk 1:30:52]} 2. d4 {[%clk 1:22:23]} 2...
Nf6 {[%clk 1:31:19]} 3. Nc3 {[%clk 1:20:43]} 3... e5 {[%clk 1:31:42]} 4. dxe5
{[%clk 1:19:46]} 4... dxe5 {[%clk 1:32:09]} 5. Qxd8+ {[%clk 1:20:12]} 5...
Kxd8 {[%clk 1:32:32]} 6. Bg5 {[%clk 1:20:41]} 6... Be6 {[%clk 1:32:46]} 7.
O-O-O+ {[%clk 1:21:02]} 7... Nbd7 {[%clk 1:32:36]} 8. Nf3 {[%clk 1:20:17]}
8... Kc8 {[%clk 1:32:13]} 9. Bb5 {[%clk 1:13:55]} 9... c6 {[%clk 1:24:55]} 10.
Ba4 {[%clk 1:11:58]} 10... Bb4 {[%clk 1:18:20]} 11. Bxf6 {[%clk 1:07:51]}
11... gxf6 {[%clk 1:12:08]} 12. Bb3 {[%clk 0:57:09]} 12... Rg8 {[%clk 1:11:29]}
 13. Nh4 {[%clk 0:48:36]} 13... Nc5 {[%clk 1:02:59]} 14. f3 {[%clk 0:47:12]}
14... Kc7 {[%clk 1:01:06]} 15. Ne2 {[%clk 0:47:21]} 15... Nxb3+ {[%clk
1:01:14]} 16. axb3 {[%clk 0:47:36]} 16... a5 {[%clk 1:00:49]} 17. c3 {[%clk
0:47:36]} 17... Be7 {[%clk 0:56:18]} 18. Kc2 {[%clk 0:45:19]} 18... f5 {[%clk
0:55:45]} 19. g3 {[%clk 0:41:13]} 19... fxe4 {[%clk 0:51:51]} 20. fxe4 {[%clk
0:41:36]} 20... Bxh4 {[%clk 0:51:44]} 21. gxh4 {[%clk 0:41:56]} 21... Rg2
{[%clk 0:51:12]} 22. Rd2 {[%clk 0:41:47]} 22... Rd8 {[%clk 0:51:24]} 0-1

[Event "Reykjavik Open 2013"]
[Site "Reykjavik, Iceland"]
[Date "2013.02.20"]
[Round "3.38"]
[White "Heerde, Thomas"]
[Black "Urkedal, Frode"]
[Result "0-1"]
[BlackElo "2473"]
[Classes "0"]
[TimeControl "?"]
[WhiteElo "2053"]

1. Nf3 Nf6 2. g3 g6 3. Bg2 Bg7 4. O-O O-O 5. d3 c5 6. Nbd2 Nc6 7. e4 d6 8. Ne1
d5 9. c3 d4 10. c4 e5 11. f4 Ng4 12. Nc2 exf4 13. gxf4 Nb4 14. Nf3 Nxc2 15.
Qxc2 Qc7 16. Kh1 Bh6 17. Ng1 Ne3 18. Bxe3 dxe3 19. Ne2 Bg4 20. Bf3 Bd7 21. Bg2
Rad8 22. Rad1 Bg4 23. Bf3 Bxf3+ 24. Rxf3 f5 25. e5 Qc6 26. Rdf1 g5 27. Kg1
gxf4 28. Nxf4 Bxf4 29. Rxf4 Kh8 30. R1f3 Rd4 31. h3 Rg8+ 32. Kh2 Rxf4 33. Rxf4
Qg6 0-1

[Event "Reykjavik Open 2013"]
[Site "Reykjavik, Iceland"]
[Date "2013.02.20"]
[Round "3.46"]
[White "Johannesson, Oliver"]
[Black "Kislik, Erik Andrew"]
[Result "0-1"]
[BlackElo "2359"]
[Classes "0"]
[TimeControl "?"]
[WhiteElo "1988"]

1. d4 Nf6 2. c4 g6 3. f3 Bg7 4. e4 d6 5. Nc3 O-O 6. Be3 c5 7. d5 e6 8. Qd2
exd5 9. cxd5 Nbd7 10. Nh3 Ne8 11. Be2 a6 12. a4 Rb8 13. O-O Nc7 14. a5 b5 15.
axb6 Nxb6 16. Nf2 Nb5 17. Rab1 Nd4 18. b3 f5 19. Rfc1 Qf6 20. Bxd4 Qxd4 21.
Qxd4 Bxd4 22. Bd3 fxe4 23. Ncxe4 Bf5 24. Re1 a5 25. Rbd1 Kh8 26. Nxd6 Bxd3 27.
Rxd3 Nxd5 28. Kf1 Nb4 29. Rxd4 cxd4 30. Re7 Nd5 31. Ra7 Ne3+ 32. Ke2 Nf5 33.
Nfe4 Nxd6 34. Nxd6 Kg8 35. Rxa5 Rxb3 36. Ra2 Rfb8 37. Ne4 Rb2+ 38. Rxb2 Rxb2+
39. Nd2 Kf7 40. h4 Ke6 41. Kd3 Kd5 42. g3 Ra2 43. Ne4 Ra3+ 44. Ke2 Re3+ 45.
Kf2 Rxe4 46. fxe4+ Kxe4 47. g4 Kf4 48. h5 g5 0-1

[Event "Reykjavik Open 2013"]
[Site "Reykjavik, Iceland"]
[Date "2013.02.20"]
[Round "3.76"]
[White "Frick, Renato"]
[Black "Davidsdottir, Nansy"]
[Result "1-0"]
[BlackElo "1479"]
[Classes "0"]
[TimeControl "?"]
[WhiteElo "2075"]

1. d4 d5 2. Nf3 Nf6 3. c4 c6 4. Qb3 dxc4 5. Qxc4 Bf5 6. g3 e6 7. Bg2 Nbd7 8.
O-O Be7 9. Nc3 O-O 10. a4 Qa5 11. Bd2 Qb4 12. Qa2 Qb6 13. a5 Qa6 14. Nh4 Bg4
15. Nf3 Nd5 16. Rfe1 Nb4 17. Qa4 Rfd8 18. Ne4 Nd5 19. e3 Qd3 20. Ne5 Nxe5 21.
dxe5 Be2 22. Bc3 Rd7 23. Bd4 Nb4 24. Rec1 Qb5 25. Qxb5 Bxb5 26. Nc5 Bxc5 27.
Rxc5 Rb8 28. Rcc1 Rbd8 29. Bf1 Bxf1 30. Kxf1 Rd5 31. Rc4 Na6 32. Bxa7 Rxe5 33.
Bd4 Red5 34. Ke2 f6 35. b4 e5 36. Bc3 Kf7 37. Rc1 R8d7 38. f4 exf4 39. gxf4
Rh5 40. Rh1 Nc7 41. e4 Rh3 42. Be1 Rhd3 43. Bg3 Rd2+ 44. Kf3 R7d3+ 45. Kg4 g6
46. Rhc1 h5+ 47. Kh4 Ne6 48. a6 bxa6 49. Rxc6 Ra2 50. Rb6 Rd7 51. Rcc6 Re7 52.
f5 g5+ 53. Kh3 Nd4 54. Rxf6+ Ke8 55. Rb8+ Kd7 56. Rd6+ 1-0

[Event "Reykjavik Open 2013"]
[Site "Reykjavik, Iceland"]
[Date "2013.02.20"]
[Round "3.76"]
[White "Frick, Renato"]
[Black "Davidsdottir, Nansy"]
[Result "1-0"]
[BlackElo "1479"]
[Classes "0"]
[TimeControl "?"]
[WhiteElo "2075"]

1. e4 c5 2. Nf3 e6 3. d4 cxd4 4. Nxd4 Nc6 5. Nb5 d6 6. Bf4 e5 7. Be3 Nf6 8.
Bg5 a6 9. N5c3 Be7 10. Bxf6 Bxf6 11. Nd5 O-O 12. Bd3 Be6 13. Nbc3 Be7 14. O-O
f5 15. exf5 Bxf5 16. Bxf5 Rxf5 17. Ne4 Bf8 18. Qg4 Rf7 19. Ng5 Rd7 20. Ne6 Qc8
21. Nxf8 Qxf8 22. Qxd7 Rb8 23. c3 Kh8 24. Rad1 Nd8 25. f4 e4 26. Rfe1 1-0

[Event "harpa"]
[Site "?"]
[Date "2013.02.21"]
[Round "4.8"]
[White "Amin 2631, GM Bassem"]
[Black "Gislason 2329, FM Gudmundur"]
[Result "1-0"]
[BlackElo "2329"]
[Classes "0"]
[TimeControl "?"]
[WhiteElo "2631"]

1. e4 {[%clk 1:30:02]} 1... c5 {[%clk 1:29:29]} 2. Nf3 {[%clk 1:30:26]} 2...
e6 {[%clk 1:29:53]} 3. d3 {[%clk 1:30:52]} 3... Nc6 {[%clk 1:29:49]} 4. g3
{[%clk 1:31:18]} 4... g6 {[%clk 1:30:13]} 5. Bg2 {[%clk 1:31:44]} 5... Bg7
{[%clk 1:30:34]} 6. O-O {[%clk 1:32:09]} 6... Nge7 {[%clk 1:29:22]} 7. c3
{[%clk 1:32:33]} 7... O-O {[%clk 1:22:41]} 8. d4 {[%clk 1:32:49]} 8... cxd4
{[%clk 1:20:18]} 9. cxd4 {[%clk 1:33:17]} 9... d5 {[%clk 1:20:37]} 10. e5
{[%clk 1:33:41]} 10... Qb6 {[%clk 1:14:33]} 11. Nc3 {[%clk 1:33:38]} 11... a6
{[%clk 1:14:31]} 12. b3 {[%clk 1:24:13]} 12... Nf5 {[%clk 1:08:00]} 13. Na4
{[%clk 1:19:05]} 13... Qb4 {[%clk 0:52:18]} 14. Kh1 {[%clk 0:42:21]} 14... f6
{[%clk 0:28:43]} 15. a3 {[%clk 0:40:34]} 15... Qa5 {[%clk 0:27:42]} 16. g4
{[%clk 0:35:01]} 16... Nfe7 {[%clk 0:27:55]} 17. exf6 {[%clk 0:34:35]} 17...
Rxf6 {[%clk 0:26:14]} 18. Bg5 {[%clk 0:34:33]} 18... Rf7 {[%clk 0:26:16]} 19.
Rc1 {[%clk 0:33:09]} 19... h6 {[%clk 0:24:24]} 20. Be3 {[%clk 0:32:54]} 20...
Qd8 {[%clk 0:19:32]} 21. Nc5 {[%clk 0:26:47]} 21... g5 {[%clk 0:16:58]} 22.
Ng1 {[%clk 0:16:40]} 22... Ng6 {[%clk 0:16:52]} 23. Ne2 {[%clk 0:17:03]} 23...
Nh4 {[%clk 0:12:28]} 24. h3 {[%clk 0:14:00]} 24... Nxg2 {[%clk 0:07:53]} 25.
Kxg2 {[%clk 0:14:28]} 25... e5 {[%clk 0:07:19]} 26. dxe5 {[%clk 0:14:42]}
26... Nxe5 {[%clk 0:06:32]} 27. f4 {[%clk 0:08:13]} 27... Ng6 {[%clk 0:06:01]}
28. f5 {[%clk 0:08:02]} 28... Nh4+ {[%clk 0:06:12]} 29. Kg1 {[%clk 0:08:19]}
29... Qd6 {[%clk 0:05:15]} 30. Qd3 {[%clk 0:04:14]} 30... b6 {[%clk 0:04:54]}
31. Ne4 {[%clk 0:04:03]} 31... Qxa3 {[%clk 0:04:38]} 32. Nxg5 {[%clk 0:03:06]}
32... hxg5 {[%clk 0:03:26]} 33. Bxg5 {[%clk 0:03:34]} 33... a5 {[%clk 0:02:11]}
 34. Bxh4 {[%clk 0:03:04]} 34... Ba6 {[%clk 0:02:31]} 35. Qxd5 {[%clk 0:02:46]}
 35... Bb7 {[%clk 0:02:20]} 36. Qe6 {[%clk 0:03:14]} 36... a4 {[%clk 0:01:04]}
37. Rc7 {[%clk 0:03:26]} 37... Raf8 {[%clk 0:01:00]} 38. Rxb7 {[%clk 0:03:43]}
38... axb3 {[%clk 0:01:15]} 39. Be7 {[%clk 0:03:14]} 39... Qa8 {[%clk 0:01:27]}
 40. Bxf8 {[%clk 0:33:36]} 1-0

[Event "harpa"]
[Site "?"]
[Date "2013.02.21"]
[Round "4.11"]
[White "Kvisvik 2314, FM Brede"]
[Black "Xiu 2530, GM Deshun"]
[Result "0-1"]
[BlackElo "2530"]
[Classes "0"]
[TimeControl "?"]
[WhiteElo "2314"]

1. e4 {[%clk 1:30:56]} 1... c5 {[%clk 1:30:31]} 2. Ne2 {[%clk 1:31:18]} 2...
Nc6 {[%clk 1:30:30]} 3. d4 {[%clk 1:31:26]} 3... cxd4 {[%clk 1:30:54]} 4. Nxd4
{[%clk 1:31:52]} 4... g6 {[%clk 1:30:52]} 5. c4 {[%clk 1:32:16]} 5... Nf6
{[%clk 1:31:14]} 6. Nc3 {[%clk 1:32:42]} 6... d6 {[%clk 1:31:39]} 7. f3 {[%clk
1:30:32]} 7... Bg7 {[%clk 1:29:04]} 8. Be3 {[%clk 1:30:52]} 8... O-O {[%clk
1:29:28]} 9. Be2 {[%clk 1:29:23]} 9... Bd7 {[%clk 1:29:12]} 10. Nb3 {[%clk
1:29:24]} 10... Be6 {[%clk 1:07:06]} 11. O-O {[%clk 1:25:14]} 11... Na5 {[%clk
0:57:40]} 12. Nd5 {[%clk 1:19:32]} 12... Rc8 {[%clk 0:49:47]} 13. Nxe7+ {[%clk
1:13:32]} 13... Qxe7 {[%clk 0:50:13]} 14. Nxa5 {[%clk 1:13:56]} 14... b6
{[%clk 0:50:38]} 15. Nb3 {[%clk 1:13:15]} 15... Bxc4 {[%clk 0:51:03]} 16. Bxc4
{[%clk 1:08:55]} 16... Rxc4 {[%clk 0:51:13]} 17. Qd3 {[%clk 0:54:25]} 17...
Rfc8 {[%clk 0:50:56]} 18. Bd4 {[%clk 0:48:09]} 18... Nh5 {[%clk 0:50:48]} 19.
Bxg7 {[%clk 0:41:01]} 19... Kxg7 {[%clk 0:51:10]} 20. Rac1 {[%clk 0:31:16]}
20... Nf4 {[%clk 0:42:32]} 21. Qd2 {[%clk 0:26:40]} 21... Qe5 {[%clk 0:33:32]}
22. Rxc4 {[%clk 0:22:37]} 22... Rxc4 {[%clk 0:33:51]} 23. Rd1 {[%clk 0:21:55]}
23... a5 {[%clk 0:33:30]} 24. Qxd6 {[%clk 0:17:53]} 24... Qxd6 {[%clk 0:33:36]}
 25. Rxd6 {[%clk 0:18:21]} 25... a4 {[%clk 0:33:58]} 26. Nd2 {[%clk 0:17:33]}
26... Rc2 {[%clk 0:34:19]} 27. g3 {[%clk 0:15:02]} 27... Ne6 {[%clk 0:34:35]}
28. Kf2 {[%clk 0:10:47]} 28... Rxb2 {[%clk 0:34:59]} 29. Ke3 {[%clk 0:10:58]}
29... b5 {[%clk 0:22:05]} 30. a3 {[%clk 0:08:48]} 30... Ra2 {[%clk 0:20:49]}
31. Rd3 {[%clk 0:09:00]} 31... Nc5 {[%clk 0:20:55]} 32. Rc3 {[%clk 0:08:46]}
32... Nb3 {[%clk 0:21:19]} 33. Nxb3 {[%clk 0:07:36]} 33... Rxa3 {[%clk
0:21:41]} 34. Kd2 {[%clk 0:07:23]} 34... b4 {[%clk 0:21:47]} 35. Re3 {[%clk
0:07:29]} 35... axb3 {[%clk 0:21:49]} 36. Re1 {[%clk 0:06:44]} 36... Ra2+
{[%clk 0:21:43]} 37. Kd3 {[%clk 0:05:54]} 37... Rxh2 {[%clk 0:22:06]} 38. Rb1
{[%clk 0:04:13]} 38... b2 {[%clk 0:22:25]} 39. e5 {[%clk 0:02:12]} 39... h5
{[%clk 0:22:25]} 40. Ke3 {[%clk 0:32:11]} 40... Rc2 {[%clk 0:52:24]} 41. Ke4
{[%clk 0:30:37]} 41... Kf8 {[%clk 0:51:26]} 42. f4 {[%clk 0:30:43]} 42... Ke7
{[%clk 0:51:28]} 43. f5 {[%clk 0:30:38]} 43... gxf5+ {[%clk 0:49:50]} 44. Kxf5
{[%clk 0:31:01]} 44... Rf2+ {[%clk 0:50:07]} 45. Ke4 {[%clk 0:29:20]} 45...
Ke6 {[%clk 0:50:22]} 46. Rh1 {[%clk 0:28:11]} 46... Rc2 {[%clk 0:50:35]} 47.
Rb1 {[%clk 0:28:34]} 47... b3 {[%clk 0:50:15]} 48. Kd4 Kxe5 0-1

[Event "Reykjavik Open 2013"]
[Site "Reykjavik, Iceland"]
[Date "2013.02.21"]
[Round "4.40"]
[White "Bekker-Jensen, Simon"]
[Black "Van Heirzeele, Daniel"]
[Result "1-0"]
[BlackElo "2125"]
[Classes "0"]
[TimeControl "?"]
[WhiteElo "2405"]

1. d4 Nf6 2. c4 e6 3. Nc3 Bb4 4. e3 O-O 5. Nge2 d5 6. a3 Bd6 7. Ng3 b6 8. b4
Re8 9. Bd3 c5 10. dxc5 bxc5 11. bxc5 Bxc5 12. cxd5 exd5 13. O-O Nc6 14. Bb5
Bb7 15. Qa4 Re6 16. Rd1 Ne5 17. Bb2 Qb6 18. Nce2 Bxe3 19. fxe3 Qxe3+ 20. Kh1
Nfg4 21. Bd4 Nf2+ 22. Kg1 Nf3+ 23. gxf3 Qxf3 24. Bxf2 d4 25. Kf1 Rae8 26. Bxe8
d3 27. Bxf7+ Kxf7 28. Qf4+ 1-0

[Event "Reykjavik Open 2013"]
[Site "Reykjavik, Iceland"]
[Date "2013.02.21"]
[Round "4.45"]
[White "Helin, Mikael"]
[Black "Kashlinskaya, Alina"]
[Result "1-0"]
[BlackElo "2350"]
[Classes "0"]
[TimeControl "?"]
[WhiteElo "1910"]

1. e4 e6 2. Nf3 d5 3. e5 Ne7 4. a3 a5 5. a4 d4 6. c3 c5 7. Na3 Nbc6 8. Nb5 Ng6
9. Qe2 Be7 10. h4 f6 11. exf6 Bxf6 12. Ng5 Be5 13. Qh5 dxc3 14. dxc3 Qd5 15.
Rh3 Nce7 16. Rd3 Qc6 17. Re3 Bf4 18. Rd3 Be5 19. Be3 h6 20. Rad1 O-O 21. Nf3
Bf4 22. Rd8 Bxe3 23. Rxf8+ Nxf8 24. Ne5 Bd2+ 25. Rxd2 Qe4+ 26. Qe2 Qxh4 27. b3
Nd5 28. g4 b6 29. Qf3 Qf6 30. Qxf6 gxf6 31. Nc4 Bd7 32. Bg2 Bxb5 33. axb5 Re8
34. Nd6 Re7 35. c4 Nf4 36. Bc6 Rg7 37. f3 e5 38. Nf5 Rh7 39. Be4 N8e6 40. Rd6
h5 41. Ng3 Ra7 42. Nxh5 a4 43. bxa4 Rxa4 44. Nxf6+ Kf7 45. Nd5 Ra1+ 46. Kd2
Ra2+ 47. Kd1 Ra1+ 48. Kc2 Nd4+ 49. Kb2 Ra4 50. Nxf4 exf4 51. Rxb6 Rb4+ 52. Ka2
Ne2 53. Bc2 Kf8 54. g5 Rxc4 55. Rf6+ Kg7 56. Be4 Rb4 57. b6 Nc3+ 58. Ka3 Nb5+
59. Ka2 Nc3+ 60. Ka3 Nb5+ 61. Ka2 Nc3+ 62. Ka1 Nxe4 63. Rxf4 Nd6 64. Rxb4 cxb4
65. Kb2 Kg6 66. f4 Kf5 67. Kb3 Nb7 68. Kxb4 1-0

[Event "Reykjavik Open 2013"]
[Site "Reykjavik, Iceland"]
[Date "2013.02.21"]
[Round "4.74"]
[White "Thorgeirsson, Jon Kristinn"]
[Black "Heerde, Thomas"]
[Result "0-1"]
[BlackElo "2053"]
[Classes "0"]
[TimeControl "?"]
[WhiteElo "1766"]

1. e4 d5 2. exd5 Qxd5 3. Nc3 Qa5 4. d4 Nf6 5. Bd3 c6 6. Nge2 Bg4 7. O-O Nbd7
8. Bf4 Nb6 9. Qd2 Nfd5 10. Nxd5 Qxd2 11. Nc7+ Kd7 12. Bxd2 Kxc7 13. Bf4+ Kd7
14. Nc3 Rd8 15. Ne4 Nd5 16. Bd2 e6 17. c4 Nb4 18. Bxb4 Bxb4 19. a3 Be7 20. f3
Bf5 21. Rad1 Kc7 22. Bb1 a5 23. Ba2 Rd7 24. g4 Bg6 25. Nc5 Rxd4 26. Nb3 Rxd1
27. Rxd1 a4 28. Nc1 h5 29. h3 hxg4 30. hxg4 Bc5+ 31. Kg2 Bd6 32. Rh1 Rxh1 33.
Kxh1 Bc2 34. Ne2 Be5 35. Nc3 Bxc3 36. bxc3 Bb3 37. Bb1 Bxc4 38. Kg2 Kd6 39.
Kf2 Ke5 40. g5 Kf4 41. g6 f6 42. Bc2 b5 43. Be4 Bd5 44. Bd3 Bxf3 45. c4 b4 46.
axb4 a3 47. Bb1 Be4 48. Ba2 Bxg6 49. c5 Ke5 50. Ke3 Be4 0-1

[Event "Reykjavik Open 2013"]
[Site "Reykjavik, Iceland"]
[Date "2013.02.21"]
[Round "4.76"]
[White "Doell, Detlef"]
[Black "Hyotyla, Tapio"]
[Result "1-0"]
[BlackElo "1792"]
[Classes "0"]
[TimeControl "?"]
[WhiteElo "2044"]

1. e4 d6 2. d4 g6 3. Nc3 c6 4. Be3 Bg7 5. Qd2 Qa5 6. O-O-O b5 7. Kb1 b4 8.
Nce2 Be6 9. Nc1 Nd7 10. Nge2 Nb6 11. Nf4 Bc4 12. Nfd3 c5 13. dxc5 Bc3 14. bxc3
bxc3 15. Qe1 Na4 16. Nb3 Rb8 17. Ndc1 Be6 18. Ka1 Qb4 19. Nd3 Qxe4 20. Bd4
Qxe1 21. Rxe1 dxc5 22. Nbxc5 Nxc5 23. Nxc5 Rb2 24. Nxe6 fxe6 25. Bxc3 Rxc2 26.
Bxh8 Rxf2 1-0

[Event "Reykjavik Open 2013"]
[Site "Reykjavik, Iceland"]
[Date "2013.02.21"]
[Round "4.99"]
[White "Traustason, Ingi Tandri"]
[Black "Stefansson, Vignir Vatnar"]
[Result "0-1"]
[BlackElo "1652"]
[Classes "0"]
[TimeControl "?"]
[WhiteElo "1840"]

1. d4 Nf6 2. c4 e6 3. Nc3 Bb4 4. f3 c5 5. e3 O-O 6. Bd3 d5 7. Nge2 Nc6 8. O-O
Bd7 9. Kh1 Rc8 10. cxd5 exd5 11. a3 Bxc3 12. bxc3 c4 13. Bc2 Re8 14. Ng3 h5
15. Nf5 {Unreadable.}  0-1

[Event "Reykjavik Open 2013"]
[Site "Reykjavik, Iceland"]
[Date "2013.02.21"]
[Round "4.101"]
[White "Kjartansson, Dagur"]
[Black "Bauza Mercere, Eduardo"]
[Result "1-0"]
[BlackElo "1809"]
[Classes "0"]
[TimeControl "?"]
[WhiteElo "1623"]

1. c4 e5 2. Nc3 Nc6 3. g3 g6 4. Bg2 Bg7 5. e3 d6 6. Nge2 f5 7. O-O Nf6 8. d4
O-O 9. a3 a5 10. b3 Qe8 11. Bb2 Nd8 12. Qd2 Be6 13. d5 Bf7 14. Nb5 Qe7 15. b4
axb4 16. axb4 Rxa1 17. Rxa1 g5 18. f4 gxf4 19. exf4 Ne8 20. Re1 Bf6 21. Nc1
Bg6 22. Nd3 e4 23. Bf1 Qg7 24. Bxf6 Qxf6 25. Nc1 h5 26. Qd4 h4 27. Nb3 hxg3
28. hxg3 Bh5 29. Be2 Bxe2 30. Rxe2 Kg7 31. g4 Qxd4+ 32. N3xd4 fxg4 33. Rxe4
Kf7 34. Ne6 Nxe6 35. Rxe6 Rg8 36. Kg2 Rg6 37. Rxg6 Kxg6 38. Kg3 Kf5 39. Nd4+
Ke4 40. Ne6 c6 41. dxc6 bxc6 42. b5 cxb5 43. cxb5 d5 44. b6 Nd6 45. Nc5+ 1-0

[Event "Reykjavik Open 2013"]
[Site "Reykjavik, Iceland"]
[Date "2013.02.21"]
[Round "4.111"]
[White "Einarsson, Oskar Long"]
[Black "Kristbergsson, Bjorgvin"]
[Result "1-0"]
[BlackElo "1197"]
[Classes "0"]
[TimeControl "?"]
[WhiteElo "1613"]

1. e4 c5 2. Nf3 Nc6 3. d4 cxd4 4. Nxd4 e6 5. Bc4 a6 6. O-O b5 7. Bb3 Bb7 8.
Be3 Qc7 9. Re1 Bd6 10. h3 Bh2+ 11. Kh1 Nf6 12. Nd2 Ne5 13. Bg5 Ng8 14. Bh4 h6
15. Nf1 g5 16. Nxh2 gxh4 {Text missing move 17-18.}  17. Nhf3 d6 1-0

[Event "harpa"]
[Site "?"]
[Date "2013.02.22"]
[Round "5.4"]
[White "Bu, Xiangzhi"]
[Black "Guo, Qi"]
[Result "1-0"]
[BlackElo "2431"]
[Classes "0"]
[TimeControl "?"]
[WhiteElo "2675"]

1. c4 {[%clk 1:30:52]} 1... e6 {[%clk 1:30:52]} 2. g3 {[%clk 1:31:18]} 2... d5
{[%clk 1:31:14]} 3. Bg2 {[%clk 1:31:44]} 3... Nf6 {[%clk 1:31:37]} 4. Nf3
{[%clk 1:32:10]} 4... dxc4 {[%clk 1:31:48]} 5. Qa4+ {[%clk 1:32:28]} 5... Nbd7
{[%clk 1:32:10]} 6. Qxc4 {[%clk 1:32:54]} 6... c5 {[%clk 1:32:32]} 7. O-O
{[%clk 1:32:59]} 7... b6 {[%clk 1:31:24]} 8. Nd4 {[%clk 1:19:06]} 8... Ne5
{[%clk 1:31:37]} 9. Nc6 {[%clk 1:19:19]} 9... Nxc4 {[%clk 1:31:24]} 10. Nxd8
{[%clk 1:19:45]} 10... Nd5 {[%clk 1:31:31]} 11. Nc3 {[%clk 1:20:07]} 11...
Kxd8 {[%clk 1:31:56]} 12. Nxd5 {[%clk 1:20:34]} 12... Bb7 {[%clk 1:32:21]} 13.
Nc3 {[%clk 1:20:52]} 13... Bxg2 {[%clk 1:32:42]} 14. Kxg2 {[%clk 1:21:20]}
14... Kc8 {[%clk 1:31:02]} 15. b3 {[%clk 1:10:41]} 15... Na5 {[%clk 1:31:20]}
16. Bb2 {[%clk 1:09:50]} 16... Kb7 {[%clk 1:31:16]} 17. f4 {[%clk 1:09:25]}
17... Rd8 {[%clk 1:29:55]} 18. d3 {[%clk 1:07:05]} 18... Be7 {[%clk 1:22:11]}
19. f5 {[%clk 1:03:30]} 19... Bf6 {[%clk 1:20:46]} 20. Rab1 {[%clk 1:02:11]}
20... Bxc3 {[%clk 1:15:26]} 21. Bxc3 {[%clk 1:02:09]} 21... f6 {[%clk 1:15:51]}
 22. Bxa5 {[%clk 0:50:29]} 22... bxa5 {[%clk 1:16:13]} 23. fxe6 {[%clk
0:50:56]} 23... Rhe8 {[%clk 1:16:32]} 24. Rf5 {[%clk 0:50:13]} 24... Rxe6
{[%clk 1:16:54]} 25. Kf2 {[%clk 0:50:31]} 25... Rde8 {[%clk 1:11:12]} 26. Rb2
{[%clk 0:50:39]} 26... Re5 {[%clk 1:11:19]} 27. Rxe5 {[%clk 0:50:55]} 27...
Rxe5 {[%clk 1:11:43]} 28. Rc2 {[%clk 0:51:19]} 28... Rf5+ {[%clk 1:08:02]} 29.
Kg2 {[%clk 0:51:28]} 29... Re5 {[%clk 1:08:27]} 30. g4 {[%clk 0:44:02]} 30...
h5 {[%clk 0:51:55]} 31. h3 {[%clk 0:43:32]} 31... hxg4 {[%clk 0:51:28]} 32.
hxg4 {[%clk 0:43:57]} 32... Kc6 {[%clk 0:51:42]} 33. Kf3 {[%clk 0:43:54]}
33... Kb5 {[%clk 0:39:37]} 34. Rc4 {[%clk 0:43:27]} 34... a6 {[%clk 0:37:57]}
35. Rf4 {[%clk 0:29:56]} 35... Kc6 {[%clk 0:32:51]} 36. Ra4 {[%clk 0:20:32]}
36... Kb5 {[%clk 0:33:06]} 37. Rc4 {[%clk 0:20:07]} 37... Kc6 {[%clk 0:32:48]}
38. d4 {[%clk 0:09:36]} 38... Rd5 {[%clk 0:33:06]} 39. dxc5 {[%clk 0:10:00]}
39... Rxc5 {[%clk 0:33:23]} 40. Ke4 {[%clk 0:38:29]} 40... g6 {[%clk 0:48:45]}
41. Kd4 {[%clk 0:38:12]} 41... Rxc4+ {[%clk 0:49:09]} 42. bxc4 {[%clk 0:38:36]}
 42... Kd6 {[%clk 0:49:25]} 43. e4 {[%clk 0:37:05]} 43... a4 {[%clk 0:49:21]}
44. a3 {[%clk 0:35:55]} 44... g5 {[%clk 0:49:46]} 45. c5+ {[%clk 0:36:00]}
45... Kd5 1-0

[Event "Reykjavik Open 2013"]
[Site "Reykjavik, Iceland"]
[Date "2013.02.22"]
[Round "5.40"]
[White "Bjarnason, Saevar"]
[Black "Mammadova, Gulnar"]
[Result "1/2-1/2"]
[BlackElo "2369"]
[Classes "0"]
[TimeControl "?"]
[WhiteElo "2133"]

1. e4 e6 2. d4 d5 3. Nc3 Bb4 4. Nge2 Nf6 5. e5 Nfd7 6. a3 Be7 7. Be3 c5 8. f4
Nc6 9. dxc5 Nxc5 10. g3 O-O 11. Bg2 Nd7 12. O-O f6 13. exf6 Nxf6 14. h3 Rb8
15. f5 exf5 16. Nxd5 Be6 17. Nef4 Bf7 18. c4 Ne4 19. Nxe7+ Qxe7 20. Nd5 Qe6
21. Kh2 Rbd8 22. Qe1 Qe5 23. b4 Bxd5 24. cxd5 Rxd5 25. Bf4 Qb2 26. Rb1 Qxa3
27. g4 Rdd8 28. gxf5 Nf6 29. Rf3 Qa2 30. Rf2 Qf7 31. Qe6 Qxe6 32. fxe6 Rfe8
33. b5 Nd4 34. Bxb7 Rxe6 35. Rd1 Ne4 36. Rff1 Re7 37. Bc6 g5 38. Bc1 Nxc6 39.
bxc6 Rxd1 40. Rxd1 Rc7 41. Be3 Rxc6 42. Bxa7 Rc2+ 43. Kg1 Kf7 44. Be3 Kg6 45.
Rd4 Ng3 46. Rd5 Nf5 47. Bf2 h6 48. Rc5 Rd2 49. Ra5 Rd6 50. Rb5 h5 51. Rb6 Rf6
52. Rxf6+ Kxf6 53. Kg2 Nd6 54. Kf3 Kf5 55. Bb6 Ne4 56. Bc7 {Text unreadable,
draw after move 67.}  1/2-1/2

[Event "Reykjavik Open 2013"]
[Site "Reykjavik, Iceland"]
[Date "2013.02.22"]
[Round "5.41"]
[White "L'ami, Alina"]
[Black "Rodriguez Fonseca, Jorge"]
[Result "1-0"]
[BlackElo "2009"]
[Classes "0"]
[TimeControl "?"]
[WhiteElo "2362"]

1. d4 g6 2. c4 Bg7 3. Nc3 f5 4. h4 Nc6 5. e3 e5 6. d5 Nb8 7. e4 d6 8. h5 f4 9.
g3 Nh6 10. hxg6 hxg6 11. gxf4 Ng4 12. Rxh8+ Bxh8 13. Nf3 exf4 14. Bxf4 Bxc3+
15. bxc3 Qf6 16. Qd2 Na6 17. Nd4 Nc5 18. O-O-O g5 19. Bxg5 Qxf2 20. Nb5 Qf7
21. Qf4 a6 22. Qxf7+ Kxf7 23. Nxc7 Ra7 24. Bh3 b5 25. Ne6 Nf2 26. Rf1 Ncd3+
27. Kc2 bxc4 28. Be3 Re7 29. Bxf2 Bxe6 30. Bxe6+ 1-0

[Event "Reykjavik Open 2013"]
[Site "Reykjavik, Iceland"]
[Date "2013.02.22"]
[Round "5.68"]
[White "Palsson, Halldor"]
[Black "Finnbogadottir, Tinna Kristin"]
[Result "0-1"]
[BlackElo "1871"]
[Classes "0"]
[TimeControl "?"]
[WhiteElo "2078"]

1. e4 c5 2. d3 g6 3. g3 Bg7 4. Bg2 Nc6 5. h4 h5 6. Nh3 d6 7. O-O Bd7 8. Nc3
Qc8 9. Nf4 Nf6 10. Ncd5 Nxd5 11. Nxd5 Ne5 12. Bg5 f6 13. Bd2 g5 14. hxg5 h4
15. f3 hxg3 16. gxf6 Bxf6 17. Nxf6+ exf6 18. Qe1 Rg8 19. f4 Ng6 20. Qxg3 Ne7
21. Qh2 Bh3 22. Rf2 Qg4 23. Kf1 Rh8 24. Bxh3 Rxh3 25. Qg2 Qh5 26. Ke1 O-O-O
27. Bc3 Rg8 28. Qxg8+ Nxg8 29. Kd2 Nh6 30. Raf1 Ng4 31. Re2 Rh2 32. Rfe1 Qh6
33. Rxh2 Qxf4+ 34. Kd1 Qxh2 35. Kc1 Kd7 36. b3 Kc6 37. a4 Qf2 38. Bd2 Nh2 39.
Bc3 Nf1 40. Rd1 d5 41. exd5+ Kxd5 42. Kb2 f5 43. Ra1 Ne3 44. Rc1 f4 45. Be1
Qe2 46. Bh4 f3 0-1